[Event "Fejer County-chT 1213"]
[Site "Fejer Region"]
[Date "2012.12.22"]
[Round "3.26"]
[White "Horvath, Miklos1111"]
[Black "Bodo, Attila"]
[Result "1-0"]
[WhiteElo "1780"]
[BlackElo "1929"]
[PlyCount "75"]
[EventDate "2012.11.03"]
[EventType "team-tourn"]
[EventRounds "7"]
[EventCountry "HUN"]
[SourceTitle "EXT 2019"]
[Source "ChessBase"]
[SourceDate "2018.10.10"]
[SourceVersion "1"]
[SourceVersionDate "2018.10.10"]
[SourceQuality "1"]
[WhiteTeam "Bodajk"]
[BlackTeam "MartonVal"]
[WhiteTeamCountry "HUN"]
[BlackTeamCountry "HUN"]

1. Nf3 d5 2. d4 Nf6 3. c4 e6 4. Nc3 Be7 5. cxd5 exd5 6. g3 Be6 7. Bg2 0-0 8. 0-0 Nbd7 9. Re1 c6 10. a3 h6 11. b4 Qc7 12. Bf4 Bd6 13. Bxd6 Qxd6 14. Nd2 Nb6 15. e4 Qd7 16. e5 Nh7 17. Ne2 f5 18. Nf4 g5 19. Nxe6 Qxe6 20. Rc1 Rac8 21. Qb3 Kg7 22. a4 Rf7 23. a5 Na8 24. b5 Rfc7 25. bxc6 bxc6 26. Rc5 Nf8 27. Qb1 Qf7 28. Nb3 Ne6 29. Rc3 Rb8 30. Qd1 Rb4 31. Ree3 Rb8 32. Bf1 Rf8 33. Nc5 Nxc5 34. Rxc5 Qe6 35. f4 g4 36. h4 h5 37. Qc2 Kg6 38. Rec3 1-0